<?xml version="1.0" encoding="UTF-8"?>
<record
    xmlns:xsi="http://www.w3.org/2001/XMLSchema-instance"
    xsi:schemaLocation="http://www.loc.gov/MARC21/slim http://www.loc.gov/standards/marcxml/schema/MARC21slim.xsd"
    xmlns="http://www.loc.gov/MARC21/slim">

  <leader>00908nam a22001937a 4500</leader>
  <controlfield tag="008">160910s1992        be||||| |||| 00| 0 eng d</controlfield>
  <datafield tag="082" ind1="0" ind2="4">
    <subfield code="a">708</subfield>
    <subfield code="b">M212m</subfield>
  </datafield>
  <datafield tag="100" ind1="1" ind2=" ">
    <subfield code="a">Magritte, Ren&#xE9;.</subfield>
    <subfield code="9">5493</subfield>
  </datafield>
  <datafield tag="245" ind1="1" ind2="0">
    <subfield code="a">Magritte /</subfield>
    <subfield code="c">Ren&#xE9; Magritte.</subfield>
  </datafield>
  <datafield tag="250" ind1=" " ind2=" ">
    <subfield code="a">1a ed.</subfield>
  </datafield>
  <datafield tag="260" ind1=" " ind2=" ">
    <subfield code="a">B&#xE9;lgica :</subfield>
    <subfield code="b">South Bank Centre,</subfield>
    <subfield code="c">1992.</subfield>
  </datafield>
  <datafield tag="300" ind1=" " ind2=" ">
    <subfield code="a">320 p.</subfield>
  </datafield>
  <datafield tag="500" ind1=" " ind2=" ">
    <subfield code="a">Cat&#xE1;logo publicado con motivo a la exhibici&#xF3;n "Magritte", presentada en: -The Hayward Gallery en Londres, del 21 de mayo al 2 de agosto de 1992. -The Metropolitan Museum of Art en Nueva York, del 9 de setiembre al 22 de noviembre de 1992. -The Menil Collection en Houston, del 15 de diciembre de 1992al 21 de febrero de 1993. -The Art Institute of Chicago, del 16 de marzo al 30 de mayo de 1993.</subfield>
  </datafield>
  <datafield tag="653" ind1="1" ind2="0">
    <subfield code="a">Arte contempor&#xE1;neo</subfield>
  </datafield>
  <datafield tag="653" ind1="1" ind2="0">
    <subfield code="a">Cat&#xE1;logo de exhibici&#xF3;n</subfield>
  </datafield>
  <datafield tag="653" ind1="1" ind2="0">
    <subfield code="a">Exhibiciones</subfield>
  </datafield>
  <datafield tag="653" ind1="1" ind2="0">
    <subfield code="a">Arte surrealista</subfield>
  </datafield>
  <datafield tag="653" ind1="1" ind2="0">
    <subfield code="a">Pintura surrealista</subfield>
  </datafield>
  <datafield tag="999" ind1=" " ind2=" ">
    <subfield code="c">1042</subfield>
    <subfield code="d">1042</subfield>
  </datafield>
  <datafield tag="952" ind1=" " ind2=" ">
    <subfield code="0">0</subfield>
    <subfield code="1">0</subfield>
    <subfield code="2">ddc</subfield>
    <subfield code="4">0</subfield>
    <subfield code="7">0</subfield>
    <subfield code="a">LV</subfield>
    <subfield code="b">LV</subfield>
    <subfield code="c">Monograf&#xED;as</subfield>
    <subfield code="d">2016-09-10</subfield>
    <subfield code="l">1</subfield>
    <subfield code="o">708 M212m</subfield>
    <subfield code="p">001029</subfield>
    <subfield code="r">2018-09-12 00:00:00</subfield>
    <subfield code="s">2018-07-06</subfield>
    <subfield code="w">2016-09-10</subfield>
    <subfield code="y">01</subfield>
  </datafield>
</record>
